Statistics for Geography Analogies #6

Click here to take the quiz!

General Stats

  • This quiz has been taken 608 times
    (560 since last reset)
  • The average score is 6 of 15

Answer Stats

HintAnswer% Correct
Easter Island is to Chile as the Galapagos Islands are to _ _ _ _ _ _ _Ecuador
83%
Belgium is to the Democratic Republic of Congo as _ _ _ _ _ _ is to the Republic of CongoFrance
80%
India is to Pakistan as Ethiopia is to _ _ _ _ _ _ _Eritrea
75%
Canton is to Guangzhou as Peking is to _ _ _ _ _ _ _Beijing
65%
Upper Canada is to _ _ _ _ _ _ _ as Lower Canada is to FranceEngland
52%
The Amazon is to South America as the _ _ _ _ _ is to AfricaCongo
50%
Alaska is to the United States of America as _ _ _ _ _ _ _ _ is to NorwaySvalbard
37%
A Japanophile is to Japan as a _ _ _ _ _ _ _ _ _ is to ChinaSinophile
34%
The Amur is To China & Russia as the _ _ _ _ _ _ _ is to Zimbabwe & ZambiaZambezi
30%
The Nakhchivan Autonomous Republic is to Azerbaijan as Baarle-Hertog is to _ _ _ _ _ _ _Belgium
26%
The _ _ _ _ are to Finland as the Inuit (Eskimo) are to CanadaSami
26%
The _ _ _ is to Seoul as the Pearl (Zhu Jiang) is to GuangzhouHan
10%
San is to _ _ _ _ _ as Mount is to EnglandKorea
3%
Gran Colombia was to Colombia as ___ _____ _____ ________ was to SyriaThe United Arab Republic
2%
Lalibela is to Ethiopia as _ _ _ _ _ is to SudanMeroe
1%

Score Distribution

Percentile by Number Answered

Percent of People with Each Score

Your Score History

You have not taken this quiz since the last reset